Carbon-13 nuclear magnetic resonance spectroscopy /
Guardado en:
| Autor Principal: | |
|---|---|
| Otros Autores: | , |
| Formato: | Libro |
| Idioma: | English |
| Publicado: |
New York :
Wiley,
1980.
|
| Edición: | 2. ed. |
| Etiquetas: |
Agregar Etiqueta
Sin Etiquetas, Sea el primero en etiquetar este registro!
|
| LEADER | 00576nam a22001815a 4500 | ||
|---|---|---|---|
| 001 | EUN.um017421 | ||
| 003 | AR-BaUNS | ||
| 005 | 20050623122858.0 | ||
| 008 | 041125s1980####xxua##########000#0#eng#d | ||
| 245 | 1 | 0 | |a Carbon-13 nuclear magnetic resonance spectroscopy / |c George C. Levy, Robert L. Lichter, Gordon L. Nelson. |
| 260 | |a New York : |b Wiley, |c 1980. | ||
| 300 | |a 338 p. : |b ilus. ; |c 23 cm. | ||
| 100 | 1 | |a Levy, George C. | |
| 700 | 1 | |a Lichter, Robert L. | |
| 700 | 1 | |a Nelson, Gordon L. | |
| 082 | 0 | 4 | |a 547 |
| 250 | |a 2. ed. | ||
| 859 | |a Ar-BaUNS |b BIB. CENTRAL - Sector C |h 547 |i L579 |p 89081/982 | ||
